Delikatesy sú vďaka privátkam dostupnejšie

Počas vianočného hodovania si spotrebitelia doprajú rôzne delikatesy ako napríklad drahšie syry a údené výrobky. Rozrastá sa i ponuka delikates pod privátnymi značkami, čím sa stávajú dostupnejšie širšej skupine zákazníkov.

Saved in:
Bibliographic Details
Format: Book Chapter
Language:Slovak
Subjects:
Tags: Add Tag
No Tags, Be the first to tag this record!

MARC

LEADER 00000naa a2200000 4500
001 0314821
005 20260209092106.7
041 0 |a slo 
044 |a SK 
245 1 0 |a Delikatesy sú vďaka privátkam dostupnejšie 
520 |a Počas vianočného hodovania si spotrebitelia doprajú rôzne delikatesy ako napríklad drahšie syry a údené výrobky. Rozrastá sa i ponuka delikates pod privátnymi značkami, čím sa stávajú dostupnejšie širšej skupine zákazníkov. 
610 2 0 |a tovar luxusný 
610 2 0 |a značky privátne 
610 2 0 |a dopyt spotrebiteľský 
610 2 0 |a správanie spotrebiteľa 
610 2 0 |a výrobky živočíšne